000 01028nam0a22003011 4500
001 rc\3180393
005 20250530091700.0
021 _aRU
_b75-70996
021 _aRU
_bРг13931-75
035 _a(NLR Aleph) 007333870
090 _a6037890
_c6037890
100 _a20120628d1975 |||y0rusy50 ca
101 0 _arus
102 _aRU
105 _ay z |||||
200 1 _aРешение динамических задач оптимизации для линейных многосвязных систем
210 _aМосква
_cБ. и.
_d1975
215 _a67 с.
_d20
225 1 _aИнститут проблем управления. Препринт
320 _aБиблиогр.: с. 65-67
700 1 _4070
_7ca
_8rus
_aМееров
_bМ. В.
_f1911-2004
_gМихаил Владимирович
_9271767
_3RU\NLR\AUTH\770271823
701 1 _aБерщанский
_bЯ.М.
801 0 _aRU
_bNLR
_gpsbo
801 1 _aRU
_bELAR
_2rusmarc
852 _aNLR
_j75-4/18404
942 _cBOOK
980 _aNB